Vplyv zavedenia daňových reforiem po vstupe Slovenska do EÚ diplomová práca

Enregistré dans:
Détails bibliographiques
Auteur principal: Baťková, Eva
Collectivité auteur: Podnikovohospodárska fakulta EU so sídlom v Košiciach. Katedra účtovníctva a financií
Autres auteurs: Zoričáková, Viera, 1960-
Format: Livre
Langue:slovaque
Publié: Košice 2010
Tags: Ajouter un tag
Pas de tags, Soyez le premier à ajouter un tag!

MARC

LEADER 00000nam$a2200000$$$4500
001 0122249
005 20240318123753.1
041 0 |a slo 
044 |a SK 
245 1 0 |a Vplyv zavedenia daňových reforiem po vstupe Slovenska do EÚ  |b diplomová práca  |c Eva Baťková ; škol. Viera Zoričáková 
264 1 |a Košice  |c 2010 
300 |a 62 s. 
100 1 |a Baťková, Eva 
700 1 |a Zoričáková, Viera, 1960- 
710 2 |a Podnikovohospodárska fakulta EU so sídlom v Košiciach. Katedra účtovníctva a financií